000 00367nam a2200133Ia 4500
005 20251222144646.0
008 251222s9999||||xx |||||||||||||| ||spa||
020 _a9972-51-103-0
082 _a351.038.5/C84
100 _aCosta Santolalla, Gino
245 0 _aLiderazgo Civil en el Ministerio del Interior:
264 _bInstitutos de Autores Peruanos
942 _cLIB
999 _c16887
_d16887